| 000 | 00407nam a2200169Ia 4500 | ||
|---|---|---|---|
| 001 | 11706 | ||
| 003 | IN-NITTTR | ||
| 005 | 20251114233109.0 | ||
| 008 | 251113s9999||||xx |||||||||||||| ||eng|| | ||
| 040 | _beng | ||
| 040 | _cIN-NITTTR | ||
| 041 | _aeng | ||
| 082 | _a686.02854 G717G | ||
| 100 | _aGottschall, Edward M. | ||
| 245 | 0 |
_aGraphic communication '80s. / _cGottschall, Edward M. |
|
| 942 |
_2ddc _cBK |
||
| 999 |
_c14342 _d14342 |
||